| 000 | 00654nam a2200229Ia 4500 | ||
|---|---|---|---|
| 003 | OSt | ||
| 005 | 20220925221033.0 | ||
| 006 | a|||||r|||| 00| 0 | ||
| 007 | ta | ||
| 008 | 220923b |||||||| |||| 00| 0 eng d | ||
| 037 | _cGeneral Book | ||
| 040 |
_aRTL _cRTL _beng |
||
| 041 |
_2eng _aeng |
||
| 082 | _aX:991.3.N7, M2 | ||
| 100 |
_aTaylor Robert _9110027 |
||
| 245 | 0 | _aWorkers and the new depression | |
| 260 |
_aLondon _bMacmillan U. K. _c1982 |
||
| 300 |
_ax, 212p. _ccm. |
||
| 650 |
_aLabour Market Economics - Great Britain _9231381 |
||
| 942 |
_hX:991.3.N7, M2 _cGB _2CC |
||
| 999 |
_c573137 _d573137 |
||